[Event "2016 Redpath Mining Millionaire Chess Open"]
[Site "Old Ed’s Sports Complex, Houghton, Johannesburg"]
[Date "2016.07.17"]
[Round "6"]
[Board "3"]
[White "Hercules, Benjamin Vincent"]
[Black "Simutowe, Musatwe"]
[Result "1-0"]
[WhiteElo "2127"]
[BlackElo "2163"]
[PlyCount "0"]
[EventDate "2016.07.17"]
[EventRounds "15"]
[EventCountry "RSA"]

1. d4 {[%clk 0:15:18]} d5 {[%clk 0:15:18]} 2. c4 {[%clk 0:15:27]} c6
{[%clk 0:15:27]} 3. Nc3 {[%clk 0:15:31]} Nf6 {[%clk 0:15:36]} 4. e3
{[%clk 0:15:38]} e6 {[%clk 0:15:39]} 5. Nf3 {[%clk 0:15:45]} Nbd7
{[%clk 0:15:47]} 6. Qc2 {[%clk 0:15:54]} dxc4 {[%clk 0:15:47]} 7. Bxc4
{[%clk 0:16:02]} b5 {[%clk 0:15:56]} 8. Bd3 {[%clk 0:16:01]} Bd6 {[%clk 0:16:05]}
9. Bd2 {[%clk 0:15:14]} Bb7 {[%clk 0:16:12]} 10. a3 {[%clk 0:15:14]} a6
{[%clk 0:16:01]} 11. O-O {[%clk 0:15:12]} c5 {[%clk 0:16:07]} 12. Ne4
{[%clk 0:14:34]} Nxe4 {[%clk 0:16:11]} 13. Bxe4 {[%clk 0:14:42]} Qb6
{[%clk 0:16:15]} 14. Ba5 {[%clk 0:13:57]} Qa7 {[%clk 0:16:14]} 15. Bxb7
{[%clk 0:13:44]} Qxb7 {[%clk 0:16:23]} 16. dxc5 {[%clk 0:13:41]} Bxc5
{[%clk 0:16:02]} 17. Rfd1 {[%clk 0:13:47]} Be7 {[%clk 0:16:01]} 18. Rac1
{[%clk 0:13:32]} Nf6 {[%clk 0:15:54]} 19. Qd2 {[%clk 0:12:17]} O-O
{[%clk 0:15:58]} 20. Rc7 {[%clk 0:12:16]} Qe4 {[%clk 0:15:38]} 21. Rxe7
{[%clk 0:12:21]} Nd5 {[%clk 0:15:47]} 22. Rd7 {[%clk 0:12:14]} Rac8
{[%clk 0:15:55]} 23. Rc1 {[%clk 0:11:41]} h6 {[%clk 0:15:57]} 24. h3
{[%clk 0:11:43]} Rc4 {[%clk 0:15:54]} 25. Rxc4 {[%clk 0:11:46]} Qxc4
{[%clk 0:16:01]} 26. Rd8 {[%clk 0:11:38]} Rxd8 {[%clk 0:16:05]} 27. Bxd8
{[%clk 0:11:46]} Qc8 {[%clk 0:16:06]} 28. Ba5 {[%clk 0:11:54]} Qc4
{[%clk 0:16:15]} 29. Bc3 {[%clk 0:11:56]} f6 {[%clk 0:16:21]} 30. Qd4
{[%clk 0:11:58]} Qc6 {[%clk 0:16:30]} 31. Qa7 {[%clk 0:11:38]} e5
{[%clk 0:16:30]} 32. Nh4 {[%clk 0:09:50]} Qe6 {[%clk 0:16:39]} 33. Nf5
{[%clk 0:09:18]} Qxf5 {[%clk 0:16:29]} 34. Qa8+ {[%clk 0:09:27]} Kh7
{[%clk 0:16:35]} 35. Qxd5 {[%clk 0:09:35]} Qc8 {[%clk 0:16:44]} 36. Kh2
{[%clk 0:09:30]} Kh8 {[%clk 0:16:53]} 37. g3 {[%clk 0:09:36]} Kh7
{[%clk 0:17:02]} 38. Kg2 {[%clk 0:08:47]} Kh8 {[%clk 0:17:11]} 39. e4
{[%clk 0:08:41]} Kh7 {[%clk 0:17:20]} 40. f4 {[%clk 0:08:04]} Qe8
{[%clk 0:17:13]} 41. fxe5 {[%clk 0:08:03]} Qh5 {[%clk 0:17:22]} 42. g4
{[%clk 0:08:00]} Qg5 {[%clk 0:17:25]} 43. exf6 {[%clk 0:08:04]} Qe3
{[%clk 0:17:32]} 44. Qf5+ {[%clk 0:08:02]} Kg8 {[%clk 0:17:40]} 45. f7+ 1-0

[Event "2016 Redpath Mining Millionaire Chess Open"]
[Site "Old Ed’s Sports Complex, Houghton, Johannesburg"]
[Date "2016.07.17"]
[Round "6"]
[Board "4"]
[White "Mwale, Joseph"]
[Black "Oatlhotse, Providence"]
[Result "1-0"]
[WhiteElo "2076"]
[BlackElo "2250"]
[PlyCount "0"]
[EventDate "2016.07.17"]
[EventRounds "15"]
[EventCountry "RSA"]

1. Nf3 {[%clk 0:15:18]} Nf6 {[%clk 0:15:18]} 2. g3 {[%clk 0:15:28]} c5
{[%clk 0:15:21]} 3. Bg2 {[%clk 0:15:35]} Nc6 {[%clk 0:14:59]} 4. d4
{[%clk 0:15:43]} cxd4 {[%clk 0:15:05]} 5. Nxd4 {[%clk 0:15:51]} Qb6
{[%clk 0:14:57]} 6. Nxc6 {[%clk 0:15:17]} dxc6 {[%clk 0:14:50]} 7. O-O
{[%clk 0:15:23]} e5 {[%clk 0:14:54]} 8. c4 {[%clk 0:15:19]} Be7 {[%clk 0:14:54]}
9. b3 {[%clk 0:15:15]} O-O {[%clk 0:14:46]} 10. Bb2 {[%clk 0:15:23]} Qc7
{[%clk 0:14:31]} 11. Qc2 {[%clk 0:15:12]} Bg4 {[%clk 0:14:28]} 12. Nc3
{[%clk 0:15:03]} Rad8 {[%clk 0:14:26]} 13. Ne4 {[%clk 0:14:49]} Bh5
{[%clk 0:13:16]} 14. Nxf6+ {[%clk 0:14:43]} Bxf6 {[%clk 0:13:23]} 15. Be4
{[%clk 0:14:45]} Bg6 {[%clk 0:13:07]} 16. Bxg6 {[%clk 0:14:49]} hxg6
{[%clk 0:13:15]} 17. Rad1 {[%clk 0:14:37]} Qc8 {[%clk 0:12:54]} 18. Qe4
{[%clk 0:14:31]} Qf5 {[%clk 0:12:56]} 19. Qxf5 {[%clk 0:14:21]} gxf5
{[%clk 0:13:04]} 20. f4 {[%clk 0:14:08]} g6 {[%clk 0:10:20]} 21. fxe5
{[%clk 0:10:03]} Bg7 {[%clk 0:10:16]} 22. Kg2 {[%clk 0:09:59]} Rfe8
{[%clk 0:10:10]} 23. Kf3 {[%clk 0:10:04]} b5 {[%clk 0:07:58]} 24. cxb5
{[%clk 0:07:38]} cxb5 {[%clk 0:08:06]} 25. Rd3 {[%clk 0:07:41]} Rc8
{[%clk 0:07:49]} 26. Rd5 {[%clk 0:06:06]} Rc2 {[%clk 0:07:28]} 27. Rb1
{[%clk 0:06:15]} a6 {[%clk 0:07:04]} 28. h4 {[%clk 0:05:44]} Re6 {[%clk 0:04:32]}
29. a3 {[%clk 0:04:25]} f6 {[%clk 0:03:01]} 30. Rd8+ {[%clk 0:03:23]} Kf7
{[%clk 0:01:41]} 31. Rd7+ {[%clk 0:02:57]} Re7 {[%clk 0:01:42]} 32. Rxe7+
{[%clk 0:02:53]} Kxe7 {[%clk 0:01:50]} 33. exf6+ {[%clk 0:03:02]} Bxf6
{[%clk 0:02:00]} 34. Bxf6+ {[%clk 0:03:09]} Kxf6 {[%clk 0:02:10]} 35. Rd1
{[%clk 0:02:55]} Ke5 {[%clk 0:02:06]} 36. b4 {[%clk 0:02:31]} Ra2
{[%clk 0:01:33]} 37. Rd3 {[%clk 0:02:39]} Ra1 {[%clk 0:01:40]} 38. Re3+
{[%clk 0:02:35]} Kd4 {[%clk 0:01:03]} 39. Kf4 {[%clk 0:01:47]} Rf1+
{[%clk 0:00:33]} 40. Rf3 {[%clk 0:01:56]} Re1 {[%clk 0:00:38]} 41. Rd3+
{[%clk 0:00:20]} Kc4 {[%clk 0:00:47]} 42. Rd6 {[%clk 0:00:29]} Rxe2
{[%clk 0:00:50]} 43. Rxg6 {[%clk 0:00:23]} Rf2+ {[%clk 0:00:16]} 44. Ke3
{[%clk 0:00:30]} Rg2 {[%clk 0:00:15]} 45. Kf3 {[%clk 0:00:37]} Rd2
{[%clk 0:00:15]} 46. Rxa6 {[%clk 0:00:44]} Rd4 {[%clk 0:00:24]} 47. h5
{[%clk 0:00:50]} Rg4 {[%clk 0:00:29]} 48. h6 {[%clk 0:00:53]} Rg5
{[%clk 0:00:35]} 49. h7 {[%clk 0:00:41]} Rh5 {[%clk 0:00:44]} 50. Ra7
{[%clk 0:00:50]} Kb3 {[%clk 0:00:34]} 51. Kf4 {[%clk 0:00:56]} Kb2
{[%clk 0:00:42]} 52. Ke5 {[%clk 0:01:02]} Kb3 {[%clk 0:00:47]} 53. Kf6
{[%clk 0:01:09]} Kb2 {[%clk 0:00:49]} 54. Kg6 {[%clk 0:01:11]} Rh3
{[%clk 0:00:52]} 55. Kxf5 1-0

[Event "2016 Redpath Mining Millionaire Chess Open"]
[Site "Old Ed’s Sports Complex, Houghton, Johannesburg"]
[Date "2016.07.17"]
[Round "7"]
[Board "1"]
[White "Makoto, Rodwell"]
[Black "Jere, Daniel"]
[Result "1/2-1/2"]
[WhiteElo "2406"]
[BlackElo "2368"]
[PlyCount "0"]
[EventDate "2016.07.17"]
[EventRounds "15"]
[EventCountry "RSA"]

1. Nf3 {[%clk 0:15:18]} Nf6 {[%clk 0:15:17]} 2. c4 {[%clk 0:15:28]} g6
{[%clk 0:15:08]} 3. g3 {[%clk 0:15:36]} Bg7 {[%clk 0:15:17]} 4. Bg2
{[%clk 0:15:46]} O-O {[%clk 0:15:25]} 5. O-O {[%clk 0:15:54]} d6 {[%clk 0:15:34]}
6. d4 {[%clk 0:16:00]} a6 {[%clk 0:15:40]} 7. Nc3 {[%clk 0:16:08]} Nc6
{[%clk 0:15:49]} 8. Qd3 {[%clk 0:16:10]} Bd7 {[%clk 0:15:55]} 9. e4
{[%clk 0:15:24]} e5 {[%clk 0:15:17]} 10. d5 {[%clk 0:15:06]} Nb4 {[%clk 0:15:09]}
11. Qb1 {[%clk 0:15:11]} a5 {[%clk 0:15:12]} 12. a3 {[%clk 0:15:20]} Na6
{[%clk 0:15:21]} 13. b4 {[%clk 0:15:27]} c6 {[%clk 0:15:20]} 14. Rd1
{[%clk 0:14:50]} cxd5 {[%clk 0:15:18]} 15. Nxd5 {[%clk 0:14:48]} Nxd5
{[%clk 0:15:24]} 16. cxd5 {[%clk 0:14:50]} axb4 {[%clk 0:15:11]} 17. axb4
{[%clk 0:14:59]} Qb6 {[%clk 0:15:19]} 18. Bd2 {[%clk 0:14:44]} Nc7
{[%clk 0:15:11]} 19. Be3 {[%clk 0:12:58]} Rxa1 {[%clk 0:15:01]} 20. Bxb6
{[%clk 0:13:07]} Rxb1 {[%clk 0:15:07]} 21. Rxb1 {[%clk 0:13:15]} Rc8
{[%clk 0:15:02]} 22. Bf1 {[%clk 0:12:27]} Nb5 23. Ra1 {[%clk 0:11:37]} Bh6
{[%clk 0:14:45]} 24. Kg2 {[%clk 0:10:29]} f5 {[%clk 0:11:43]} 25. exf5
{[%clk 0:07:05]} gxf5 {[%clk 0:11:50]} 26. h4 {[%clk 0:06:54]} Nc3
{[%clk 0:11:35]} 27. Ra5 {[%clk 0:07:02]} Kf7 {[%clk 0:11:25]} 28. Ng5+ Bxg5
{[%clk 0:10:53]} 29. hxg5 {[%clk 0:06:46]} Kg6 30. Be3 Nd1 {[%clk 0:10:36]} 31.
Bb6 {[%clk 0:06:18]} Nc3 {[%clk 0:10:39]} 32. f4 {[%clk 0:06:03]} Nxd5
{[%clk 0:08:41]} 33. Rxd5 {[%clk 0:05:49]} Bc6 {[%clk 0:08:50]} 34. Bc4
{[%clk 0:05:58]} Bxd5+ {[%clk 0:08:56]} 35. Bxd5 {[%clk 0:06:07]} Rc2+
{[%clk 0:09:03]} 36. Kh3 {[%clk 0:06:09]} Rb2 {[%clk 0:08:42]} 37. Ba5
{[%clk 0:05:41]} b6 {[%clk 0:08:46]} 38. Bxb6 {[%clk 0:05:51]} Rxb4
{[%clk 0:08:54]} 39. Be3 {[%clk 0:05:39]} Rb1 {[%clk 0:07:55]} 40. Bc6
{[%clk 0:05:31]} Re1 {[%clk 0:07:49]} 41. Be8+ {[%clk 0:05:39]} Kg7
{[%clk 0:07:56]} 42. Bd2 {[%clk 0:05:42]} Re2 {[%clk 0:07:56]} 43. Bc3
{[%clk 0:05:45]} Re3 {[%clk 0:08:04]} 44. Bd2 {[%clk 0:05:25]} Re2
{[%clk 0:08:13]} 45. Bb4 {[%clk 0:05:14]} exf4 {[%clk 0:08:16]} 46. Bh5
{[%clk 0:04:55]} Re3 {[%clk 0:08:23]} 47. Bxd6 {[%clk 0:05:03]} Rxg3+
{[%clk 0:08:26]} 48. Kh4 {[%clk 0:05:06]} h6 {[%clk 0:08:32]} 49. Be5+
{[%clk 0:05:00]} Kh7 {[%clk 0:08:41]} 50. Bxf4 {[%clk 0:05:10]} hxg5+
{[%clk 0:08:47]} 1/2-1/2

[Event "2016 Redpath Mining Millionaire Chess Open"]
[Site "Old Ed’s Sports Complex, Houghton, Johannesburg"]
[Date "2016.07.17"]
[Round "7"]
[Board "2"]
[White "Van Rensburg, Ryan Pierre"]
[Black "De Abreu, Roberto N"]
[Result "1/2-1/2"]
[WhiteElo "2220"]
[BlackElo "2057"]
[PlyCount "0"]
[EventDate "2016.07.17"]
[EventRounds "15"]
[EventCountry "RSA"]

1. d4 {[%clk 0:15:19]} c5 {[%clk 0:15:14]} 2. d5 {[%clk 0:15:27]} Nf6
{[%clk 0:15:21]} 3. c4 {[%clk 0:15:37]} b5 {[%clk 0:15:31]} 4. cxb5
{[%clk 0:15:46]} a6 {[%clk 0:15:40]} 5. bxa6 {[%clk 0:15:55]} g6 {[%clk 0:15:49]}
6. Nc3 {[%clk 0:16:03]} Bxa6 {[%clk 0:15:54]} 7. e4 {[%clk 0:16:05]} Qa5
{[%clk 0:16:04]} 8. Bd2 {[%clk 0:15:45]} Bxf1 {[%clk 0:16:11]} 9. Kxf1
{[%clk 0:15:54]} d6 {[%clk 0:16:19]} 10. g3 {[%clk 0:16:02]} Qb6 {[%clk 0:16:25]}
11. Qc2 {[%clk 0:15:52]} Bg7 {[%clk 0:16:16]} 12. Kg2 {[%clk 0:16:01]} O-O
{[%clk 0:16:24]} 13. Nf3 {[%clk 0:16:10]} Nfd7 {[%clk 0:16:03]} 14. Bf4
{[%clk 0:15:38]} Na6 {[%clk 0:16:04]} 15. Rhe1 {[%clk 0:15:44]} Rfb8
{[%clk 0:14:30]} 16. Re2 {[%clk 0:15:53]} Qxb2 {[%clk 0:13:15]} 17. Qxb2
{[%clk 0:14:16]} Rxb2 {[%clk 0:13:24]} 18. Rxb2 {[%clk 0:14:25]} Bxc3
{[%clk 0:13:33]} 19. Rb7 {[%clk 0:14:34]} Bxa1 {[%clk 0:13:34]} 20. Rxd7
{[%clk 0:14:42]} Kf8 {[%clk 0:04:47]} 21. e5 {[%clk 0:14:30]} Ke8
{[%clk 0:04:46]} 22. Rb7 {[%clk 0:14:38]} dxe5 {[%clk 0:04:53]} 23. Bxe5
{[%clk 0:13:26]} Bxe5 {[%clk 0:05:01]} 24. Nxe5 {[%clk 0:13:35]} Nb4
{[%clk 0:05:10]} 25. Rc7 {[%clk 0:13:32]} f6 {[%clk 0:04:34]} 26. Nc4
{[%clk 0:13:19]} Rxa2 {[%clk 0:04:01]} 27. d6 {[%clk 0:13:08]} exd6
{[%clk 0:03:28]} 28. Nxd6+ {[%clk 0:13:15]} Kd8 {[%clk 0:03:38]} 29. Rxh7
{[%clk 0:11:47]} Nd3 {[%clk 0:03:46]} 30. Kf3 {[%clk 0:11:46]} Ne5+
{[%clk 0:03:28]} 31. Ke4 {[%clk 0:11:54]} Nd7 {[%clk 0:02:20]} 32. f4
{[%clk 0:09:09]} Kc7 {[%clk 0:02:28]} 33. Nb5+ {[%clk 0:08:38]} Kc6
{[%clk 0:02:33]} 34. Nc3 {[%clk 0:08:46]} Rc2 {[%clk 0:02:03]} 35. Kd3
{[%clk 0:08:52]} Rf2 {[%clk 0:02:11]} 36. Rg7 {[%clk 0:08:34]} Rxh2
{[%clk 0:02:19]} 37. Rxg6 {[%clk 0:08:42]} Rf2 {[%clk 0:02:24]} 38. Ne4
{[%clk 0:08:33]} Ra2 {[%clk 0:01:32]} 39. Nxf6 {[%clk 0:08:39]} Ra3+
{[%clk 0:01:34]} 40. Ke4 {[%clk 0:08:10]} Ra4+ {[%clk 0:01:43]} 41. Ke3
{[%clk 0:07:42]} Nb6 {[%clk 0:01:42]} 42. Nd7+ {[%clk 0:07:46]} Kxd7
{[%clk 0:01:50]} 43. Rxb6 {[%clk 0:07:55]} Ra3+ {[%clk 0:01:59]} 44. Ke4
{[%clk 0:07:52]} 1/2-1/2

[Event "2016 Redpath Mining Millionaire Chess Open"]
[Site "Old Ed’s Sports Complex, Houghton, Johannesburg"]
[Date "2016.07.17"]
[Round "7"]
[Board "3"]
[White "Simutowe, Musatwe"]
[Black "Hercules, Benjamin Vincent"]
[Result "1-0"]
[WhiteElo "2163"]
[BlackElo "2127"]
[PlyCount "0"]
[EventDate "2016.07.17"]
[EventRounds "15"]
[EventCountry "RSA"]

1. d4 {[%clk 0:15:19]} d5 {[%clk 0:15:19]} 2. c4 {[%clk 0:15:27]} c6
{[%clk 0:15:27]} 3. Nc3 {[%clk 0:15:36]} Nf6 {[%clk 0:15:35]} 4. Nf3
{[%clk 0:15:45]} e6 {[%clk 0:15:44]} 5. e3 {[%clk 0:15:53]} Nbd7 {[%clk 0:15:52]}
6. Bd3 {[%clk 0:16:02]} dxc4 {[%clk 0:16:00]} 7. Bxc4 {[%clk 0:16:11]} b5
{[%clk 0:16:07]} 8. Bd3 {[%clk 0:16:20]} a6 {[%clk 0:16:16]} 9. O-O
{[%clk 0:16:28]} Bb7 {[%clk 0:16:25]} 10. e4 {[%clk 0:16:37]} c5 {[%clk 0:16:34]}
11. d5 {[%clk 0:16:43]} Qc7 {[%clk 0:16:28]} 12. dxe6 {[%clk 0:16:49]} fxe6
{[%clk 0:16:36]} 13. Qe2 {[%clk 0:16:58]} c4 {[%clk 0:16:10]} 14. Bc2
{[%clk 0:17:07]} Be7 {[%clk 0:16:08]} 15. Nd4 {[%clk 0:16:53]} Nc5
{[%clk 0:16:05]} 16. Bg5 {[%clk 0:17:01]} O-O-O {[%clk 0:14:36]} 17. Rfd1
{[%clk 0:16:47]} Rd7 {[%clk 0:08:14]} 18. b4 {[%clk 0:16:39]} cxb3
{[%clk 0:08:21]} 19. Nxb3 {[%clk 0:16:38]} Rhd8 {[%clk 0:07:27]} 20. Rdc1
{[%clk 0:16:40]} Kb8 {[%clk 0:07:05]} 21. Be3 {[%clk 0:16:46]} Qe5
{[%clk 0:06:06]} 22. Qe1 {[%clk 0:13:13]} g5 {[%clk 0:04:52]} 23. f3
{[%clk 0:12:33]} h6 {[%clk 0:04:38]} 24. Bf2 {[%clk 0:12:24]} Nh5
{[%clk 0:04:26]} 25. Qe3 {[%clk 0:12:33]} Rc7 {[%clk 0:04:01]} 26. Na5
{[%clk 0:12:22]} Ba8 {[%clk 0:03:35]} 27. Rab1 {[%clk 0:12:24]} Kc8
{[%clk 0:02:49]} 28. g3 {[%clk 0:12:00]} Nb7 {[%clk 0:02:38]} 29. Nxb7
{[%clk 0:11:55]} Bxb7 {[%clk 0:02:46]} 30. Bb3 {[%clk 0:11:43]} Bc5
{[%clk 0:02:39]} 31. Qe1 {[%clk 0:11:53]} Bxf2+ {[%clk 0:02:38]} 32. Kxf2
{[%clk 0:12:01]} Qd4+ {[%clk 0:02:16]} 33. Kf1 {[%clk 0:12:07]} Qd3+
{[%clk 0:02:17]} 34. Kg2 {[%clk 0:11:55]} Qd2+ {[%clk 0:02:22]} 35. Ne2
{[%clk 0:11:49]} e5 {[%clk 0:02:05]} 36. Rxc7+ {[%clk 0:11:57]} Kxc7
{[%clk 0:02:14]} 37. Qf2 {[%clk 0:12:03]} Kb8 {[%clk 0:02:17]} 38. Rd1
{[%clk 0:12:10]} Qa5 {[%clk 0:02:24]} 39. Rxd8+ {[%clk 0:12:13]} Qxd8
{[%clk 0:02:33]} 40. Qc5 {[%clk 0:12:22]} Qf6 {[%clk 0:02:10]} 41. Nc3
{[%clk 0:12:27]} g4 {[%clk 0:01:58]} 42. fxg4 {[%clk 0:12:33]} Ng7
{[%clk 0:01:46]} 43. Bd5 {[%clk 0:12:32]} Bxd5 {[%clk 0:00:43]} 44. Nxd5
{[%clk 0:12:41]} Qd8 {[%clk 0:00:44]} 45. Qc6 {[%clk 0:12:43]} Ne8
{[%clk 0:00:35]} 46. Qxa6 {[%clk 0:12:46]} Nd6 {[%clk 0:00:40]} 47. Nb6
{[%clk 0:12:40]} Nxe4 {[%clk 0:00:27]} 48. Qa8+ {[%clk 0:12:45]} Kc7
{[%clk 0:00:36]} 49. Qxe4 {[%clk 0:11:45]} Kxb6 {[%clk 0:00:44]} 50. Qxe5
{[%clk 0:11:36]} Qd2+ {[%clk 0:00:52]} 51. Kh3 {[%clk 0:11:45]} Qxa2
{[%clk 0:00:57]} 52. Qf6+ {[%clk 0:11:55]} Kc5 {[%clk 0:01:01]} 53. Qxh6
{[%clk 0:12:04]} b4 {[%clk 0:01:10]} 54. g5 {[%clk 0:12:13]} b3 {[%clk 0:01:17]}
55. g6 {[%clk 0:12:19]} b2 {[%clk 0:01:25]} 56. Qg5+ {[%clk 0:12:26]} Kb6
{[%clk 0:01:32]} 57. Qf6+ {[%clk 0:12:34]} Kb5 {[%clk 0:01:23]} 58. Qf5+
{[%clk 0:12:43]} Kb6 {[%clk 0:01:32]} 59. g7 {[%clk 0:12:50]} b1=Q
{[%clk 0:01:06]} 60. Qxb1+ {[%clk 0:12:59]} Qxb1 {[%clk 0:01:15]} 61. g8=Q
{[%clk 0:13:06]} Qf5+ {[%clk 0:01:19]} 62. Kh4 {[%clk 0:13:04]} Qc2
{[%clk 0:01:07]} 63. Qe6+ {[%clk 0:13:07]} Ka7 {[%clk 0:01:14]} 64. Qf7+
{[%clk 0:13:09]} Ka8 {[%clk 0:01:09]} 65. h3 {[%clk 0:13:17]} Qe4+
{[%clk 0:01:15]} 66. g4 {[%clk 0:13:25]} Qe3 {[%clk 0:01:13]} 67. g5
{[%clk 0:13:28]} Qc3 {[%clk 0:00:54]} 68. Qf6 {[%clk 0:13:18]} Qd3
{[%clk 0:00:44]} 69. g6 {[%clk 0:13:24]} Qe4+ {[%clk 0:00:46]} 70. Kh5
{[%clk 0:13:24]} Qe2+ {[%clk 0:00:45]} 71. Kh4 {[%clk 0:13:21]} Qe4+
{[%clk 0:00:47]} 72. Kg3 {[%clk 0:13:23]} Qe1+ {[%clk 0:00:48]} 73. Kg4
{[%clk 0:13:17]} Qe4+ {[%clk 0:00:48]} 74. Kg5 {[%clk 0:13:22]} Qe3+
{[%clk 0:00:49]} 75. Kg4 {[%clk 0:13:13]} Qe4+ {[%clk 0:00:54]} 76. Kh5
{[%clk 0:13:19]} Qe2+ {[%clk 0:01:01]} 77. Kh4 {[%clk 0:12:56]} Qe4+
{[%clk 0:01:05]} 78. Kg

[Event "2016 Redpath Mining Millionaire Chess Open"]
[Site "Old Ed’s Sports Complex, Houghton, Johannesburg"]
[Date "2016.07.17"]
[Round "7"]
[Board "4"]
[White "Oatlhotse, Providence"]
[Black "Mwale, Joseph"]
[Result "1-0"]
[WhiteElo "2250"]
[BlackElo "2076"]
[PlyCount "0"]
[EventDate "2016.07.17"]
[EventRounds "15"]
[EventCountry "RSA"]

1. d4 {[%clk 0:15:19]} Nf6 2. c4 e6 {[%clk 0:15:27]} 3. Nf3 {[%clk 0:15:37]} d5
{[%clk 0:15:34]} 4. Nc3 {[%clk 0:15:46]} Be7 {[%clk 0:15:39]} 5. g3
{[%clk 0:15:48]} O-O {[%clk 0:15:40]} 6. Bg2 {[%clk 0:15:58]} dxc4
{[%clk 0:15:23]} 7. O-O {[%clk 0:15:55]} Nc6 {[%clk 0:13:59]} 8. e3
{[%clk 0:15:37]} Rb8 {[%clk 0:13:10]} 9. Qa4 {[%clk 0:14:37]} Nb4
{[%clk 0:12:51]} 10. Ne5 {[%clk 0:13:51]} a6 {[%clk 0:12:10]} 11. a3
{[%clk 0:13:41]} Nd3 {[%clk 0:11:14]} 12. Qxc4 {[%clk 0:13:33]} Nxe5
{[%clk 0:11:13]} 13. dxe5 {[%clk 0:13:41]} Nd7 {[%clk 0:11:18]} 14. f4
{[%clk 0:13:21]} b5 {[%clk 0:11:16]} 15. Qe2 {[%clk 0:13:23]} c5 {[%clk 0:11:14]}
16. Rd1 {[%clk 0:13:17]} Qc7 {[%clk 0:11:10]} 17. Bd2 {[%clk 0:13:11]} Bb7
{[%clk 0:10:59]} 18. Ne4 {[%clk 0:13:18]} c4 {[%clk 0:10:48]} 19. Bb4
{[%clk 0:12:09]} Nc5 {[%clk 0:09:17]} 20. Nxc5 {[%clk 0:09:26]} Bxc5
{[%clk 0:09:21]} 21. Bxb7 {[%clk 0:09:08]} Rxb7 {[%clk 0:09:08]} 22. Qf3
{[%clk 0:08:07]} Bxb4 {[%clk 0:08:52]} 23. axb4 {[%clk 0:08:13]} Rb6
{[%clk 0:08:59]} 24. Qe4 {[%clk 0:07:13]} h6 {[%clk 0:08:10]} 25. Rd2
{[%clk 0:06:48]} Rd8 {[%clk 0:07:31]} 26. Rad1 {[%clk 0:06:36]} Rbb8
{[%clk 0:07:23]} 27. Rd6 {[%clk 0:05:30]} Rxd6 {[%clk 0:06:47]} 28. exd6
{[%clk 0:05:29]} Qd7 {[%clk 0:06:49]} 29. Qd4 {[%clk 0:05:14]} f6
{[%clk 0:06:30]} 30. e4 {[%clk 0:05:21]} Rc8 {[%clk 0:05:37]} 31. e5
{[%clk 0:05:27]} f5 {[%clk 0:05:39]} 32. Qb6 {[%clk 0:04:27]} Rc6
{[%clk 0:05:39]} 33. Qb8+ {[%clk 0:04:30]} Kf7 {[%clk 0:04:56]} 34. Qa8
{[%clk 0:04:12]} Rb6 {[%clk 0:03:24]} 35. Ra1 {[%clk 0:03:32]} Qc6
{[%clk 0:02:52]} 36. Qa7+ {[%clk 0:01:52]} Rb7 {[%clk 0:02:11]} 37. Rxa6
{[%clk 0:01:10]} Rxa7 {[%clk 0:00:51]} 38. Rxc6 {[%clk 0:01:17]} Ra1+
{[%clk 0:00:58]} 39. Kf2 {[%clk 0:00:56]} Ra2 {[%clk 0:01:02]} 40. Rc8
{[%clk 0:00:41]} Rxb2+ {[%clk 0:00:52]} 41. Ke1 {[%clk 0:00:48]} Rb1+
{[%clk 0:00:55]} 42. Kd2 {[%clk 0:00:45]} c3+ {[%clk 0:00:58]} 43. Kc2 1-0